Word Ladder: Think Pink Quiz Stats

Quiz Updated Sep 1, 2015

Challenge
Share
Tweet
Embed
Score 0/36 Timer 04:00
3 Plays Today
Clue 4-Letter Word % Correct
○ Prickly stemmed flower ○ROSE
98.3%
Strike a stancePOSE
97.1%
Skin openingPORE
93.9%
Not wildTAME
93.1%
○ Newborn child ○BABY
92.7%
Titular film pigBABE
91.3%
Bundle of hayBALE
91.3%
S.O.S.HELP
91%
'_____, where's my car?'DUDE
90.6%
Sandy slopeDUNE
89.8%
Bad-manneredRUDE
89.5%
Spherical objectBALL
89.4%
Native of DenmarkDANE
89.2%
To governRULE
88.2%
Reactor partCORE
88%
Seaweed varietyKELP
88%
Woman of rankDAME
87.7%
Be concernedCARE
87.4%
Clue 4-Letter Word % Correct
'Clue' or 'Life' e.g.GAME
87.3%
Male bovineBULL
84.7%
Empty truck's weightTARE
83.9%
○ Gemstone ○RUBY
83.4%
Interim workerTEMP
82.7%
Plant fibreHEMP
81.4%
Buy, ____ or holdSELL
80.2%
Appear to beSEEM
80.1%
To force downTAMP
79.6%
Hang ontoKEEP
78.2%
Neat and orderlyRULY
77.5%
Actress Hoffmann of 'Girls'GABY
74.3%
Strong-tastingGAMY
73.6%
○ Low in pitch ○DEEP
73.1%
• Ponder •MULL
71.3%
• Consider •DEEM
69.3%
To blind a falconSEEL
67.7%
Mix or meddleMELL
63.9%

Today's Daily Dose

Word Ladder
Summertime

On This Day
June 23rd II

You're not logged in!

Compare scores with friends on all Sporcle quizzes.
Join for Free
OR
Log In

You Might Also Like...

Show Comments

Extras

Top Quizzes Today


Score Distribution

Your Account Isn't Verified!

In order to create a playlist on Sporcle, you need to verify the email address you used during registration. Go to your Sporcle Settings to finish the process.

Report this User

Report this user for behavior that violates our Community Guidelines.

Details: